[Event "Berlin Lichtenrade op 12th"]
[Site "Berlin"]
[Date "2016.10.27"]
[Round "6"]
[White "Hahlbohm, Matthias"]
[Black "Noetzel, Felix"]
[Result "1/2-1/2"]
[WhiteElo "2100"]
[BlackElo "2209"]
[PlyCount "158"]
[EventDate "2016.10.22"]
[EventType "swiss"]
[EventRounds "9"]
[EventCountry "GER"]
[SourceTitle "EXT 2018"]
[Source "ChessBase"]
[SourceDate "2017.10.13"]
[SourceVersion "1"]
[SourceVersionDate "2017.10.13"]
[SourceQuality "1"]

1. e4 e5 2. Nf3 Nc6 3. Bb5 a6 4. Ba4 b5 5. Bb3 Bc5 6. c3 d6 7. d4 exd4 8. cxd4 Bb4+ 9. Bd2 Bxd2+ 10. Nbxd2 Nf6 11. Rc1 Na5 12. Bc2 0-0 13. h3 c5 14. 0-0 Nd7 15. Re1 Bb7 16. Nf1 Re8 17. Ng3 g6 18. b3 Nc6 19. Qd2 Qf6 20. Rcd1 Rad8 21. d5 Nce5 22. Nh2 Qh4 23. Ngf1 Nf6 24. f4 Ned7 25. Nf3 Qh6 26. Ng3 Qg7 27. Qf2 Re7 28. Re2 Rde8 29. Red2 h5 30. Ng5 Nh7 31. Nf3 Qh6 32. Nh4 Ndf6 33. Qf3 Bc8 34. Re1 Qg7 35. Qf2 Nf8 36. Nf3 Bb7 37. Rde2 N8h7 38. Nd2 Nd7 39. Ngf1 Qb2 40. Bb1 Qc3 41. Re3 Qa5 42. g4 Ndf6 43. Qg2 Kh8 44. R1e2 Qb6 45. Kh1 Bc8 46. e5 Nxd5 47. Rf3 Bb7 48. Be4 Nb4 49. gxh5 gxh5 50. Bxh7 Kxh7 51. Ne4 Bxe4 52. Rxe4 dxe5 53. fxe5 Rg8 54. Qf2 Qg6 55. Ng3 Rd7 56. Kh2 Nd3 57. Qe3 Rgd8 58. Rf6 Qg7 59. Nf5 Qxf6 60. exf6 Kg6 61. Qh6+ Kxf5 62. Qh7+ Kxf6 63. Qxh5 Rd5 64. Qh4+ Rg5 65. Rg4 Rdg8 66. Qh6+ R5g6 67. Qh4+ Ke6 68. Re4+ Ne5 69. Qe1 f6 70. Re2 Kf7 71. Qf1 Ke6 72. Qf4 Rg5 73. Qe4 Rf5 74. Qc6+ Ke7 75. Qxc5+ Ke6 76. Qb6+ Kf7 77. Qa7+ Kf8 78. Qb8+ Kf7 79. Qc7+ Ke6 1/2-1/2

[Event "Berlin Lichtenrade op 12th"]
[Site "Berlin"]
[Date "2016.10.24"]
[Round "3"]
[White "Meister, Jakob"]
[Black "Hahlbohm, Matthias"]
[Result "1-0"]
[WhiteElo "2444"]
[BlackElo "2100"]
[PlyCount "79"]
[EventDate "2016.10.22"]
[EventType "swiss"]
[EventRounds "9"]
[EventCountry "GER"]
[SourceTitle "EXT 2018"]
[Source "ChessBase"]
[SourceDate "2017.10.13"]
[SourceVersion "1"]
[SourceVersionDate "2017.10.13"]
[SourceQuality "1"]

1. c4 e6 2. d4 d5 3. Nc3 Nf6 4. cxd5 exd5 5. Bg5 c6 6. e3 h6 7. Bh4 Bd6 8. Bd3 Nbd7 9. Nge2 0-0 10. Qc2 Re8 11. h3 b5 12. 0-0 Bb7 13. Ng3 Rc8 14. Nf5 Bf8 15. Bg3 a6 16. Bd6 c5 17. Bxf8 Nxf8 18. dxc5 Rxc5 19. Qb3 Qd7 20. Qb4 Ne6 21. Rfd1 Rc7 22. Qh4 Ng5 23. Qg3 Kh8 24. h4 Ne6 25. Ne2 Rg8 26. Rac1 Rxc1 27. Rxc1 Ne4 28. Qg4 Nf6 29. Qb4 Rc8 30. Rd1 Nc5 31. Bb1 Ne6 32. Qd6 Qc7 33. Qxc7 Rxc7 34. f3 h5 35. Kf2 g6 36. Nfd4 Bc8 37. a3 Kg7 38. Ba2 Nc5 39. Nf4 Be6 40. b4 1-0

[Event "Berlin Lichtenberger op 15th"]
[Site "Berlin"]
[Date "2016.08.21"]
[Round "9"]
[White "Hansch, Karsten"]
[Black "Hahlbohm, Matthias"]
[Result "1/2-1/2"]
[WhiteElo "2265"]
[BlackElo "2101"]
[PlyCount "76"]
[EventDate "2016.08.13"]
[EventType "swiss"]
[EventRounds "9"]
[EventCountry "GER"]
[SourceTitle "CBM 173 Extra"]
[Source "ChessBase"]
[SourceDate "2016.08.29"]
[SourceVersion "1"]
[SourceVersionDate "2016.08.29"]
[SourceQuality "1"]

1. c4 Nf6 2. g3 c6 3. Bg2 d5 4. Nf3 g6 5. b3 Bg7 6. Bb2 0-0 7. 0-0 Nbd7 8. d3 Re8 9. Nbd2 e5 10. cxd5 cxd5 11. e4 d4 12. Nc4 Bf8 13. Ba3 Bxa3 14. Nxa3 Nb8 15. Qd2 Nc6 16. Rac1 Bg4 17. h3 Bxf3 18. Bxf3 Qe7 19. Nc2 Kg7 20. Bg2 Nd7 21. f4 f6 22. h4 h6 23. f5 g5 24. Bf3 Rec8 25. Rf2 Rc7 26. hxg5 hxg5 27. Nb4 Nb6 28. Nxc6 Rxc6 29. Rxc6 bxc6 30. Qc1 c5 31. Rc2 Rc8 32. Bh5 Nd7 33. Qa3 Nb6 34. Bg6 Qc7 35. Qc1 Qe7 36. Kg2 Qd6 37. Kf3 Qe7 38. Kg4 Qc7 1/2-1/2

[Event "Berlin Lichtenberger op 15th"]
[Site "Berlin"]
[Date "2016.08.19"]
[Round "7"]
[White "Werner, Justus"]
[Black "Hahlbohm, Matthias"]
[Result "1/2-1/2"]
[WhiteElo "1937"]
[BlackElo "2101"]
[PlyCount "131"]
[EventDate "2016.08.13"]
[EventType "swiss"]
[EventRounds "9"]
[EventCountry "GER"]
[SourceTitle "CBM 173 Extra"]
[Source "ChessBase"]
[SourceDate "2016.08.29"]
[SourceVersion "1"]
[SourceVersionDate "2016.08.29"]
[SourceQuality "1"]

1. c4 Nf6 2. g3 c6 3. Bg2 d5 4. d4 Bf5 5. Nf3 e6 6. Nbd2 Bd6 7. 0-0 h6 8. b3 Nbd7 9. Bb2 0-0 10. Re1 Qc7 11. Nh4 Bh7 12. e4 dxe4 13. Nxe4 Nxe4 14. Bxe4 Bxe4 15. Rxe4 Nf6 16. Re1 Bb4 17. Re2 Rad8 18. Qc2 Be7 19. Nf3 Rc8 20. Rd1 Rfd8 21. Ne5 c5 22. Red2 cxd4 23. Rxd4 Rxd4 24. Rxd4 Bc5 25. Rd1 Be7 26. Qe2 Rd8 27. Rxd8+ Qxd8 28. Kg2 Qa5 29. Ba1 Bb4 30. f3 Bc3 31. Bxc3 Qxc3 32. Kf2 Ne8 33. Qe3 Qb2+ 34. Qe2 Qa3 35. Nd3 Nd6 36. Qb2 Qa6 37. a3 Nf5 38. Kg2 f6 39. Nc5 Qc6 40. Ne4 e5 41. Qd2 Nd4 42. Qd3 Qa6 43. b4 b6 44. Kf2 Qa4 45. c5 bxc5 46. bxc5 Kf7 47. Ke3 Ke6 48. g4 Qxa3 49. Qc3 a6 50. Qxa3 Nc2+ 51. Kd3 Nxa3 52. c6 a5 53. Nc5+ Kd6 54. Nb7+ Kxc6 55. Nxa5+ Kd5 56. h4 g6 57. Nb3 f5 58. gxf5 gxf5 59. Nd2 h5 60. Nf1 e4+ 61. fxe4+ fxe4+ 62. Ke2 Nb5 63. Ng3 Nd4+ 64. Kf2 Ke5 65. Nxh5 Nf5 66. Ng3 1/2-1/2

[Event "Berlin Lichtenberger op 15th"]
[Site "Berlin"]
[Date "2016.08.18"]
[Round "6"]
[White "Hahlbohm, Matthias"]
[Black "Simon, Ralf Axel"]
[Result "0-1"]
[WhiteElo "2101"]
[BlackElo "2162"]
[PlyCount "72"]
[EventDate "2016.08.13"]
[EventType "swiss"]
[EventRounds "9"]
[EventCountry "GER"]
[SourceTitle "CBM 173 Extra"]
[Source "ChessBase"]
[SourceDate "2016.08.29"]
[SourceVersion "1"]
[SourceVersionDate "2016.08.29"]
[SourceQuality "1"]

1. e4 c5 2. f4 d5 3. e5 Nc6 4. c3 Bf5 5. Nf3 e6 6. d4 Qb6 7. a3 Bg4 8. dxc5 Bxc5 9. Bd3 Be3 10. Rf1 Nge7 11. h3 Bf5 12. Ke2 Bxc1 13. Qxc1 Na5 14. Nd4 Bxd3+ 15. Kxd3 Nec6 16. Nd2 0-0 17. Rb1 Rac8 18. Qd1 Nc4 19. Nxc4 dxc4+ 20. Ke3 Rfd8 21. Qd2 Nxd4 22. cxd4 Rd5 23. Qc3 Rb5 24. b4 Qc6 25. Rf2 Rd5 26. Rd2 b5 27. Kf2 Rcd8 28. Rbd1 Qb6 29. Ke3 Ra8 30. Ra1 a5 31. Rb2 a4 32. Rd2 Qd8 33. Rf1 Ra7 34. Rfd1 Qh4 35. Rf1 Qg3+ 36. Rf3 Qe1+ 0-1

[Event "Berlin Lichtenberger op 15th"]
[Site "Berlin"]
[Date "2016.08.14"]
[Round "2"]
[White "Hahlbohm, Matthias"]
[Black "Dobrov, Vladimir"]
[Result "0-1"]
[WhiteElo "2101"]
[BlackElo "2510"]
[PlyCount "85"]
[EventDate "2016.08.13"]
[EventType "swiss"]
[EventRounds "9"]
[EventCountry "GER"]
[SourceTitle "CBM 173 Extra"]
[Source "ChessBase"]
[SourceDate "2016.08.29"]
[SourceVersion "1"]
[SourceVersionDate "2016.08.29"]
[SourceQuality "1"]

1. e4 c5 2. Nf3 d6 3. d4 cxd4 4. Nxd4 Nf6 5. Nc3 a6 6. g3 e5 7. Nde2 Be6 8. Bg2 Nbd7 9. 0-0 Rc8 10. h3 Qc7 11. Be3 Be7 12. f4 0-0 13. f5 Bc4 14. Rf2 b5 15. a3 Rfd8 16. g4 d5 17. exd5 Nb6 18. Ng3 Nfxd5 19. Nxd5 Nxd5 20. Bxd5 Bxd5 21. Qe2 e4 22. Kh2 Bc5 23. Qe1 Bd6 24. Rg2 Be5 25. Rb1 Ba2 26. Ra1 Bd5 27. Rb1 f6 28. h4 Qf7 29. c3 Bb7 30. Rd1 Rd3 31. Rdd2 h5 32. Kh3 hxg4+ 33. Kxg4 Rcd8 34. h5 Bc8 35. Kh4 Qd7 36. Rdf2 Rd1 37. Qe2 Qc7 38. Nf1 Qc4 39. Qg4 R8d7 40. h6 Rxf1 41. Qg6 Rh1+ 42. Rh2 Rxh2+ 43. Rxh2 0-1